<?xml version="1.0" encoding="UTF-8"?>
<record
    xmlns:xsi="http://www.w3.org/2001/XMLSchema-instance"
    xsi:schemaLocation="http://www.loc.gov/MARC21/slim http://www.loc.gov/standards/marcxml/schema/MARC21slim.xsd"
    xmlns="http://www.loc.gov/MARC21/slim">

  <leader>01885    a2200217   4500</leader>
  <controlfield tag="001">27624</controlfield>
  <controlfield tag="005">20260407155550.0</controlfield>
  <controlfield tag="008">260407a2005    arg                 spa d</controlfield>
  <controlfield tag="003">AR-UNSa-BCEJYS</controlfield>
  <datafield tag="040" ind1=" " ind2=" ">
    <subfield code="a">AR-UNSa-BCEJYS</subfield>
    <subfield code="b">spa</subfield>
    <subfield code="c">AR-UNSa-BCEJYS</subfield>
  </datafield>
  <datafield tag="080" ind1=" " ind2=" ">
    <subfield code="a">658.11</subfield>
    <subfield code="x">Clases y formas de las empresas( peque&#xF1;as y medianas empresas...Pymes)</subfield>
  </datafield>
  <datafield tag="245" ind1="1" ind2="0">
    <subfield code="a">Asociatividad, cooperaci&#xF3;n empresarial y exportaci&#xF3;n Pyme</subfield>
    <subfield code="p">experiencias recientes en Am&#xE9;rica Latina y Europa</subfield>
  </datafield>
  <datafield tag="020" ind1=" " ind2=" ">
    <subfield code="a">987-20715-2-7</subfield>
  </datafield>
  <datafield tag="264" ind1=" " ind2="1">
    <subfield code="a">Buenos Aires :</subfield>
    <subfield code="b">CEPAL</subfield>
    <subfield code="c">2005</subfield>
  </datafield>
  <datafield tag="300" ind1=" " ind2=" ">
    <subfield code="a">109 p.</subfield>
    <subfield code="c">22 cm.</subfield>
  </datafield>
  <datafield tag="505" ind1=" " ind2=" ">
    <subfield code="a">1. Experiencias recientes en materia de consorcios y asociatividad empresarial exportadora: formatos, instrumentos y aprendizaje empresarial - 2. Experiencias recientes en materia de consorcios y asociatividad empresarial: formatos, instrumentos y aprendizaje empresarial - 3. Redes empresariales, tramas productivas pol&#xED;ticas de fomento a la competitividad Pyme. Las grandes empresas industriales y el desarrollo de las redes de clientes y/o proveedores Pyme. Experiencias recientes, aprendizaje institucional y lecciones para la pol&#xED;tica p&#xFA;blica - 4. La asociatividad empresarial y la dimensi&#xF3;n territorial. El papel de los v&#xED;nculos regionales y territoriales en el desarrollo de sinergias interempresariales y entornos procompetitivos. El rol de las instituciones locales (p&#xFA;blicas y privadas) - 5. Asociatividad, redes microecon&#xF3;micas y fomento a la competitividad de las Pyme en el MERCOSUR</subfield>
  </datafield>
  <datafield tag="942" ind1=" " ind2=" ">
    <subfield code="c">BK</subfield>
  </datafield>
  <datafield tag="590" ind1=" " ind2=" ">
    <subfield code="a">niveau_biblio:m niveau_hierar:0</subfield>
  </datafield>
  <datafield tag="100" ind1="1" ind2=" ">
    <subfield code="a">Seminario Internacional Asociatividad, cooperaci&#xF3;n empresarial y exportaci&#xF3;n Pyme: experiencias recientes en Am&#xE9;rica Latina y Europa (2004 : Buenos Aires)</subfield>
  </datafield>
  <datafield tag="856" ind1="4" ind2="1">
    <subfield code="u">https://biblioeco.unsa.edu.ar/pmb/images/libros/Asociatividad,Cooperaci?n Empresarial y Exportaci?n PyME-l117930.jpg</subfield>
    <subfield code="y">Imagen de portada</subfield>
    <subfield code="q">image/jpeg</subfield>
  </datafield>
  <datafield tag="999" ind1=" " ind2=" ">
    <subfield code="c">1611</subfield>
    <subfield code="d">1611</subfield>
  </datafield>
  <datafield tag="952" ind1=" " ind2=" ">
    <subfield code="0">0</subfield>
    <subfield code="1">0</subfield>
    <subfield code="4">0</subfield>
    <subfield code="7">0</subfield>
    <subfield code="a">BCEJYS</subfield>
    <subfield code="b">BCEJYS</subfield>
    <subfield code="c">16</subfield>
    <subfield code="d">2026-04-07</subfield>
    <subfield code="l">0</subfield>
    <subfield code="o">658.11 S471</subfield>
    <subfield code="p">L117930</subfield>
    <subfield code="r">2026-04-07 15:55:50</subfield>
    <subfield code="w">2026-04-07</subfield>
    <subfield code="y">L</subfield>
  </datafield>
</record>
